1534 1491 1505 1646 1219 1095 1381 1585 1648 1246 1290 1704 1551 1619 1571 1936 1289 2000 1693 1772 1052 1073 1336 1557 1923 1380 1132 1157 1865 1212 1845 1541 1574 1929 1187 1178 1566 1674 1910 1886 1033 1043 1350 1850 1977 1650 1209 1955 1732 1049 1583 1159 1479 1051 1064 1220 1202 1263 1464 1767 1174 1262 1608 1167 1099 1259 1445 1832 1252 1312 1820 1414 1796 1575 1791 1702 1758 1350 1180 1705 1735 1963 1383 1102 1677 1953 1948 1519 1044 1003 1435 1801 1669 1558 1668 1128 1228 1581 1886 BCNSPRNW ULIB Ver.6.0+V

เปลี่ยนเป็นภาษาไทย

Change to English
 แสดงรายละเอียดบรรณานุกรม
  กลับหน้าหลัก

Brief Record : Get Marc (ISO 2709) : E-mail record : QR code < ปิดหน้าต่าง
LEADER : 00000nam 2200000uu 4500
001    13399121100
003     ULIB
008    121106s2546||||th 000 0 tha d
020    ^a9789990642537
040    ^avu
050  4 ^aLB^bท449ม
100 0  ^aทินพันธุ์ นาคะตะ
245 10 ^aมหาวิทยาลัยในกำกับรัฐบาล /^cโดย ทินพันธุ์ นาคะตะ
250    ^aพิมพ์ครั้งที่ 1
260    ^aกรุงเทพฯ :^bสหายบล๊อกและการพิมพ์,^c2546.
300    ^a173, [6] หน้า
650  7 ^aมหาวิทยาลัยในกำกับของรัฐ
945    ^p130^l0^i11842
995    ^aวิภา
999    ^aวิภา
รายการนี้ยังไม่มีแท็ก
คุณยังไม่ได้ล็อกอิน คุณสามารถมีกิจกรรมร่วมกับเว็บไซต์ได้ แต่ต้องล็อกอินก่อน ::
  ล็อกอิน

รายการสื่อสารสนเทศ

ลำดับที่ ประเภท เลขเรียก/บาร์โค้ด สถานที่ สถานะ
1. วิทยาศาสตร์การแพทย์ และสุขภาพ
วิทยาศาสตร์การแพทย์ และสุขภาพ
LB ท449ม  
  Barcode: 11842
ห้องสมุดวิทยาเขตสวรรค์ประชารักษ์
►หนังสือทั่วไป
บนชั้น

BibComment


ยังไม่เคยถูกคอมเมนท์

คอมเมนท์ทรัพยากรรายการนี้
  คอมเมนท์: มหาวิทยาลัยในกำก..


 Copyright 2026. Bcnsprnw @Library